Construction européenne - Statistiques

Statistiques générales
  • Ce quiz a été pris 6 fois
    5 depuis la dernière actualisation
  • Le résultat moyen est 8 sur 27
Statistiques - réponses
Événements Dates % Correct
Traité de Maastricht 1992
80%
l'euro 2002
80%
PAC 1962
60%
Traité constitutionnel 2005
60%
Traité de Lisbonne 2007
60%
élections des députés européens au suffrage universel 1979
40%
entrée en vigueur de Schengen 1995
40%
Traité d'Amsterdam (révision de Maastricht) 1997
40%
Traité de Nice (PECO) 2000
40%
Crise migratoire 2015
40%
referendum sur le Brexit juin 2016
40%
accords de Lomé (coopération commerciale CEE et 46 pays d'Afrique) 1975
20%
accords de Schengen 1985
20%
Guerres de l'ex Yougoslavie 1991-1998
20%
inauguration du tunnel sous la Manche 1994
20%
crise grecque 2010-2011
20%
Covid 2020-2021
20%
refus français de la CED aout 1954
20%
OECE avril 1948
20%
CECA avril 1951
20%
Congrès de la Haye mai 1948
20%
Traités de Rome mars 1957
20%
attaque russe de l'Ukraine 24 février 2022
0%
Création du Mécanisme européen de stabilité (MES) 27 septembre 2012
0%
Traité de l'Elysée (amitié franco-allemande) janvier 1963
0%
Conseil de l'Europe mai 1949
0%
CED mai 1952
0%
Aucun quiz correspondant
Distribution des résultats
% des personnes avec chaque résultat
Percentile par nombre de réponses
Votre historique - résultats
Vous n’avez pas pris ce quiz depuis la dernière actualisation